000 00737nam a2200193Ii 4500
003 JO-AjNU
008 230605s9999||||xx |||||||||||||| ||und||
040 _aJO-AjNU
_bara
_erda
_cJO-AjNU
041 _aara
050 1 4 _aBP135.A148 N3889
100 3 _a النووي، يحيى بن شرف بن مري، 631-676 هـ,
_eauthor
_956471
245 0 0 _aالمنهاج في شرح صحيح مسلم بن الحجاج: شرح النووي علي مسلم
264 3 1 _aالرياض: بيت الأفكار الدولية
300 _a2068ص
336 _atext
_btxt
_2rdacontent
337 _aunmediated
_bn
_2rdamedia
338 _avolume
_bnc
_2rdacarrier
650 4 _aالحديث -- إسناد صحيح -- الحديث -- شرح
_956472
999 _aA25248
_c28816
_d28816